| 000 | 00666nam a2200253Ia 4500 | ||
|---|---|---|---|
| 003 | OSt | ||
| 005 | 20220918194450.0 | ||
| 006 | a|||||r|||| 00| 0 | ||
| 007 | ta | ||
| 008 | 220917b |||||||| |||| 00| 0 eng d | ||
| 024 | _a79,556 | ||
| 037 | _cTextual | ||
| 040 |
_aARTS _cARTS _beng |
||
| 041 |
_2eng _aeng |
||
| 082 | _aS:4, M41 | ||
| 100 | _aGreene Judith | ||
| 245 | 0 | _aBasic cognitive processes | |
| 260 |
_aEngland _bOpen Univ Press _c1984 |
||
| 300 |
_a128p. _ccm. |
||
| 650 |
_aCOGNITIVE STYLES _915127 |
||
| 700 |
_a Hicks Carolyn _985045 |
||
| 942 |
_hS:4, M41 _cTEXL _2CC |
||
| 999 |
_c203282 _d203282 |
||